| 000 | 00799cam a2200229 4500 | ||
|---|---|---|---|
| 001 | sa 68016759 | ||
| 003 | DLC | ||
| 005 | 20260227112657.0 | ||
| 008 | 710414s1967 ii c b 00100 eng | ||
| 010 | _asa 68016759 | ||
| 025 | _aPL480: I-E-11151 | ||
| 050 | 0 |
_aBJ1290 _b.S6 1967 |
|
| 100 | 1 | 0 | _aSogani, Kamal Chand. |
| 245 | 1 | 0 | _aEthical doctrines in Jainism. |
| 250 | _a[1st ed.] | ||
| 260 | 0 |
_aSholapur, _bLalchand Hirachand Doshi; [copies can be had from Jaina Saṁskṛti Saṁrakshaka Sangha] _c1967. |
|
| 300 |
_axvi, 302 p. _bport. _c25 cm. |
||
| 350 | _a12.00 | ||
| 500 | _a"Substantially the same as the thesis which was approved by the University of Rajasthan for the degree of doctor of philosophy in 1961." | ||
| 504 | _aBibliography: p. [281]-284. | ||
| 650 | 0 | _aJaina ethics. | |
| 999 |
_c87290 _d87290 |
||